La réponse se termine par un A - Statistiques

Statistiques générales
  • Ce quiz a été pris 160 fois
    141 depuis la dernière actualisation
  • Le résultat moyen est 6 sur 15
Statistiques - réponses
Hint Réponse % Correct
En trois lettres. Se porte ou peut être un serpent constricteur. Boa
97%
Capitale de la Slovaquie. Bratislava
76%
Île proche de Barbuda. Antigua
67%
Marque de vêtements en quatre lettres. Fila|Zara
60%
Type de slip, proche du string. Tanga
57%
Acteur et catcheur américain qui a pour prénom John. Cena
55%
Marsupial parfois appelé "Paresseux australien". Koala
54%
Capitale du Honduras. Tegucigalpa
40%
Opération militaire de la Seconde Guerre mondiale lancée par l'Allemagne nazie. Barbarossa
30%
Premier prénom de ____ Jean Baker alias "Marylin Monroe". Norma
28%
Sommet argentin s'élevant à 6 962 mètres d'altitude, surnommé "le colosse de l'Amérique". Aconcagua
20%
Nom du président de la Côte d'Ivoire depuis 2011 qui a pour prénom Alssan. Ouattara
13%
Écrivain portugais qui a pour prénom Fernando et est connu pour "Le Livre de l'intranquilité". Pessoa
10%
Cette pénitence de 1077 est un moment clé du conflit entre Henri IV et le pape Grégoire VII. Canossa
2%
État indien dont la capitale est Thiruvananthapuram. Kerala
2%
Aucun quiz correspondant
Distribution des résultats
% des personnes avec chaque résultat
Percentile par nombre de réponses
Votre historique - résultats
Vous n’avez pas pris ce quiz depuis la dernière actualisation